000 01194nam a2200313 a 4500
001 000113241
003 CHAP
005 20220329144345.0
008 170523s2016 mx a fsm |||||||spa d
010 _a109702
011 _a110674
040 _cCHAP
090 _aTesis
100 1 _aMartínez Zapata, Carlos Antonio
_9132332
245 1 0 _aSimulación matemática de un proceso de co-digestión aneróbica pollinaza-vinaza /
_h[En línea]
_cpor Carlos Antonio Martínez Zapata.
260 _aChapingo, Méx. :
_bEl autor,
_c2016.
500 _aPara ver el contenido del material haga clic en la liga
502 _aTesis (Ing. Agroindustrial) -- UACH. Departamento de Ingeniería Agroindustrial
590 _aBATCH-UPD
_b05
_c20170523
_lUCH01
_h1241
590 _aE8697GMM
_b05
_c20170523
_lUCH01
_h1132
590 _aE8697GMM
_b05
_c20170523
_lUCH01
_h1240
650 1 4 _aDigestión anaeróbica
_xModelos matemáticos.
_9132334
650 1 4 _aGallinaza en alimentación animal.
_944446
650 1 4 _aJugo de caña de azucar en alimentación animal.
_9132333
856 _aFinding aid
_uhttp://10.13.5.2/tesis/sist113241.pdf
_zTeclea aquí
901 _aBK
942 _cTESIS
942 _n0
999 _c109702
_d109702